Monitoring nelegálnych drog a liekov v odpadových vodách na Slovensku

Salvato in:
Dettagli Bibliografici
Autore principale: Miklovičová, Katarína (Autore)
Altri autori: Bodík, Igor (Relatore della tesi)
Natura: Manoscritto Libro
Lingua:slovacco
Pubblicazione: 2017
Soggetti:
Accesso online:http://is.stuba.sk/zp/portal_zp.pl?podrobnosti=111065
Tags: Aggiungi Tag
Nessun Tag, puoi essere il primo ad aggiungerne!!

MARC

LEADER 00000ntm a22000003a 4500
001 stuzp64728
003 SK-STU
005 20170715210836.9
007 ta
008 150427s2015----xo-----f-mn---000-0-slo-d
040 |a STU  |b slo 
041 0 |a slo 
100 1 |a Miklovičová, Katarína  |u 046290  |4 aut  |U FCHPT Ústav chemického a environmentálneho inžinierstva  |T FCHPT Oddelenie environmentálneho inžinierstva  |X 64273  |U C6290  |Y 120  |7 64273 
242 0 1 |a Monitoring of illicit drugs and pharmaceuticals in wastewater in Slovakia  |y eng 
245 1 0 |a Monitoring nelegálnych drog a liekov v odpadových vodách na Slovensku 
260 |c 2017 
650 4 |a odpadové vody  |2 slo 
650 4 |a monitoring  |2 slo 
650 4 |a liečivá  |2 slo 
650 4 |a drogy  |2 slo 
650 4 |a wastewater  |2 eng 
650 4 |a monitoring  |2 eng 
650 4 |a pharmaceuticals  |2 eng 
650 4 |a drugs  |2 eng 
700 1 |a Bodík, Igor  |u 046290  |k Z1  |4 ths  |U FCHPT Ústav chemického a environmentálneho inžinierstva  |T FCHPT Oddelenie environmentálneho inžinierstva  |X 3340  |U C6290  |Y 120  |7 A000003340 
856 4 |u http://is.stuba.sk/zp/portal_zp.pl?podrobnosti=111065